000 00422nam a2200145Ia 4500
008 100204s9999 xx 000 0 und d
082 _b7105
100 _aसाधू अरुण
245 _aपडघम
260 _b"ग्रंथाली वाचक चळवळ , मुंबई - कुर्ला"
_c1985
300 _a94
630 _aपडघम
730 _aपडघम
942 _cBOOK
999 _c451542
_d451539